| 000 | 00445nam a2200145Ia 4500 | ||
|---|---|---|---|
| 008 | 231221s9999 xx 000 0 und d | ||
| 041 | _aEnglish | ||
| 082 | _a001.6424C GUN.1;3 | ||
| 100 | _aGundurao, H K Manjunath, N S Nachappa, M N | ||
| 245 | 0 | _aProgramming in C : for first sem BCA students of Bangalore University | |
| 260 |
_c2007 _bUnited Publishers _aMangalore |
||
| 300 | _a326 | ||
| 650 | _aProgramming,C,:,semester | ||
| 942 | _cBC | ||
| 999 |
_c202054 _d202054 |
||